00456nam a2200073Ia 4500008004100000245005400041300027600095650001100371170517s9999 xx 000 0 und d aManufacturing Consent: Noam Chomsky and the Media aThe Canadian documentary Manufacturing Consent: Noam Chomsky and the Media presents a lengthy, detailed look at the political beliefs of celebrated intellectual Noam Chomsky. Casting only passing glances at Chomsky's groundbreaking work in the field of linguistics and... xMedia.